Linux study guide (E-BOOK) (Record no. 191313)

000 -LEADER
fixed length control field 00823 a2200205 4500
003 - CONTROL NUMBER IDENTIFIER
control field Nust
005 - DATE AND TIME OF LATEST TRANSACTION
control field 20170207154013.0
010 ## - LIBRARY OF CONGRESS CONTROL NUMBER
LC control number 2001089831
020 ## - INTERNATIONAL STANDARD BOOK NUMBER
International Standard Book Number 0782129390
040 ## - CATALOGING SOURCE
Transcribing agency Nust
082 ## - DEWEY DECIMAL CLASSIFICATION NUMBER
Classification number 005.44
100 1# - MAIN ENTRY--PERSONAL NAME
Personal name Smith, Roderick.
245 10 - TITLE STATEMENT
Title Linux study guide (E-BOOK)
Statement of responsibility, etc. Roderick Smith.
250 ## - EDITION STATEMENT
Edition statement 1st.
260 ## - PUBLICATION, DISTRIBUTION, ETC.
Place of publication, distribution, etc. San Francisco, CA :
Name of publisher, distributor, etc. Sybex Inc.,
Date of publication, distribution, etc. 2001.
300 ## - PHYSICAL DESCRIPTION
Extent p. ;
Dimensions cm.
505 ## - FORMATTED CONTENTS NOTE
Formatted contents note Chapter 1.Planning the Implementation, Chapter 2. Installing Linux Chapter 3. Software Management Chapter 4. Users and Security Chapter 5. Networking Chapter 6. Managing Files and Services Chapter 7. Managing Partitions and Processes Chapter 8. Hardware Issues Chapter 9. Troubleshooting
651 ## - SUBJECT ADDED ENTRY--GEOGRAPHIC NAME
Geographic name E-BOOK
856 42 - ELECTRONIC LOCATION AND ACCESS
Materials specified Publisher description
Uniform Resource Identifier <a href="http://www.loc.gov/catdir/enhancements/fy0611/2001089831-d.html">http://www.loc.gov/catdir/enhancements/fy0611/2001089831-d.html</a>
942 ## - ADDED ENTRY ELEMENTS (KOHA)
Source of classification or shelving scheme
Koha item type Book
Holdings
Withdrawn status Lost status Source of classification or shelving scheme Damaged status Not for loan Collection code Permanent Location Current Location Date acquired Total Checkouts Full call number Barcode Date last seen Price effective from Koha item type
            Military College of Signals (MCS) Military College of Signals (MCS) 12/12/2016   005.44 ROD MCSEB-639 12/08/2016 12/12/2016 Book
© 2023 Central Library, National University of Sciences and Technology. All Rights Reserved.